Fundamentals of data structures in C++ / (Record no. 188855)
[ view plain ]
| 000 -LEADER | |
|---|---|
| fixed length control field | 00970 a2200241 4500 |
| 003 - CONTROL NUMBER IDENTIFIER | |
| control field | NUST |
| 005 - DATE AND TIME OF LATEST TRANSACTION | |
| control field | 20230606165515.0 |
| 010 ## - LIBRARY OF CONGRESS CONTROL NUMBER | |
| LC control number | 94048034 |
| 020 ## - INTERNATIONAL STANDARD BOOK NUMBER | |
| International Standard Book Number | 0716782928 |
| 040 ## - CATALOGING SOURCE | |
| Transcribing agency | Nust |
| 082 00 - DEWEY DECIMAL CLASSIFICATION NUMBER | |
| Classification number | 005.73,HOR |
| 100 1# - MAIN ENTRY--PERSONAL NAME | |
| Personal name | Horowitz, Ellis. |
| 9 (RLIN) | 113023 |
| 245 10 - TITLE STATEMENT | |
| Title | Fundamentals of data structures in C++ / |
| Statement of responsibility, etc. | Ellis Horowitz, Sartaj Sahni, Dinesh Mehta. |
| 246 30 - VARYING FORM OF TITLE | |
| Title proper/short title | Data structures C++ |
| 260 ## - PUBLICATION, DISTRIBUTION, ETC. | |
| Place of publication, distribution, etc. | New York : |
| Name of publisher, distributor, etc. | Computer Science Press, |
| Date of publication, distribution, etc. | c1995. |
| 300 ## - PHYSICAL DESCRIPTION | |
| Extent | xx, 653 p. ; |
| Other physical details | ill. ; |
| Dimensions | 25 cm. |
| 505 ## - FORMATTED CONTENTS NOTE | |
| Formatted contents note | Basic Concepts (Page-1), Arrays (Page-66), Stacks and Queues (Page-119), Linked Lists (Page-161), Trees (Page-246), Graphs (Page-330), Sorting (Page-397), Hashing (Page-464), Heap Structures (Page-497), Search Structures (Page-541), Index (Page-646). |
| 650 #0 - SUBJECT ADDED ENTRY--TOPICAL TERM | |
| Topical term or geographic name entry element | C++ (Computer program language) |
| 650 #0 - SUBJECT ADDED ENTRY--TOPICAL TERM | |
| Topical term or geographic name entry element | Data structures (Computer science) |
| 700 1# - ADDED ENTRY--PERSONAL NAME | |
| Personal name | Mehta, Dinesh P. |
| 9 (RLIN) | 95067 |
| 700 1# - ADDED ENTRY--PERSONAL NAME | |
| Personal name | Sahni, Sartaj. |
| 9 (RLIN) | 60808 |
| 942 ## - ADDED ENTRY ELEMENTS (KOHA) | |
| Source of classification or shelving scheme | |
| Koha item type | Book |
| Call number prefix | 005.73,HOR |
| Withdrawn status | Lost status | Source of classification or shelving scheme | Damaged status | Not for loan | Permanent Location | Current Location | Shelving location | Date acquired | Full call number | Barcode | Date last seen | Price effective from | Koha item type | Public note |
|---|---|---|---|---|---|---|---|---|---|---|---|---|---|---|
| Military College of Signals (MCS) | Military College of Signals (MCS) | General Stacks | 12/12/2016 | 005.73,HOR | MCS30557 | 12/08/2016 | 12/12/2016 | Book | Almirah No.81, Shelf No.2 |
